000 00766nam a2200217Ii 4500
003 JO-AjNU
008 230605s9999||||xx |||||||||||||| ||und||
017 _a2014/1/446
020 _a978-9957-582-08-1
040 _aJO-AjNU
_bara
_erda
_cJO-AjNU
041 _aara
050 1 4 _aS633. M875 2015
100 3 _aالوصلي، مظفر احمد,
_eauthor
_964237
245 0 0 _aخصوبة التربة وتغذية النباتات (نظري وعملي) = Soil Fertility & Plants Nutrition
264 3 1 _aعمان، العراق : دار وضاح، مكتبة دجلة ، 2015
300 _a501ص
336 _atext
_btxt
_2rdacontent
337 _aunmediated
_bn
_2rdamedia
338 _avolume
_bnc
_2rdacarrier
650 4 _aزراعة-تربة-تغذيه
_964238
999 _aA29182
_c32750
_d32750